Random Denary to Binary - Statistics

General Stats
  • This quiz has been taken 59 times
  • The average score is 7 of 9
Answer Stats
Denary Binary % Correct
1 00000001
100%
6 00000110
100%
7 00000111
100%
10 00001010
100%
13 00001101
100%
16 00010000
100%
17 00010001
100%
20 00010100
100%
21 00010101
100%
23 00010111
100%
24 00011000
100%
25 00011001
100%
30 00011110
100%
34 00100010
100%
36 00100100
100%
37 00100101
100%
42 00101010
100%
44 00101100
100%
45 00101101
100%
46 00101110
100%
47 00101111
100%
49 00110001
100%
50 00110010
100%
52 00110100
100%
53 00110101
100%
56 00111000
100%
57 00111001
100%
59 00111011
100%
67 01000011
100%
71 01000111
100%
76 01001100
100%
77 01001101
100%
78 01001110
100%
80 01010000
100%
81 01010001
100%
83 01010011
100%
85 01010101
100%
87 01010111
100%
88 01011000
100%
89 01011001
100%
90 01011010
100%
94 01011110
100%
97 01100001
100%
99 01100011
100%
102 01100110
100%
105 01101001
100%
109 01101101
100%
110 01101110
100%
111 01101111
100%
116 01110100
100%
117 01110101
100%
120 01111000
100%
122 01111010
100%
124 01111100
100%
125 01111101
100%
127 01111111
100%
129 10000001
100%
130 10000010
100%
133 10000101
100%
135 10000111
100%
136 10001000
100%
141 10001101
100%
143 10001111
100%
146 10010010
100%
147 10010011
100%
148 10010100
100%
151 10010111
100%
154 10011010
100%
155 10011011
100%
161 10100001
100%
164 10100100
100%
167 10100111
100%
168 10101000
100%
170 10101010
100%
172 10101100
100%
175 10101111
100%
177 10110001
100%
178 10110010
100%
179 10110011
100%
180 10110100
100%
183 10110111
100%
184 10111000
100%
185 10111001
100%
189 10111101
100%
190 10111110
100%
198 11000110
100%
199 11000111
100%
200 11001000
100%
203 11001011
100%
205 11001101
100%
208 11010000
100%
209 11010001
100%
213 11010101
100%
215 11010111
100%
217 11011001
100%
219 11011011
100%
222 11011110
100%
224 11100000
100%
225 11100001
100%
227 11100011
100%
231 11100111
100%
233 11101001
100%
235 11101011
100%
236 11101100
100%
238 11101110
100%
240 11110000
100%
243 11110011
100%
245 11110101
100%
246 11110110
100%
251 11111011
100%
255 11111111
100%
132 10000100
80%
73 01001001
75%
4 00000100
67%
26 00011010
67%
19 00010011
50%
64 01000000
50%
95 01011111
50%
137 10001001
50%
176 10110000
50%
197 11000101
50%
206 11001110
50%
242 11110010
50%
2 00000010
0%
3 00000011
0%
5 00000101
0%
8 00001000
0%
9 00001001
0%
11 00001011
0%
12 00001100
0%
14 00001110
0%
15 00001111
0%
18 00010010
0%
22 00010110
0%
27 00011011
0%
28 00011100
0%
29 00011101
0%
31 00011111
0%
32 00100000
0%
33 00100001
0%
35 00100011
0%
38 00100110
0%
39 00100111
0%
40 00101000
0%
41 00101001
0%
43 00101011
0%
48 00110000
0%
51 00110011
0%
54 00110110
0%
55 00110111
0%
58 00111010
0%
60 00111100
0%
61 00111101
0%
62 00111110
0%
63 00111111
0%
65 01000001
0%
66 01000010
0%
68 01000100
0%
69 01000101
0%
70 01000110
0%
72 01001000
0%
74 01001010
0%
75 01001011
0%
79 01001111
0%
82 01010010
0%
84 01010100
0%
86 01010110
0%
91 01011011
0%
92 01011100
0%
93 01011101
0%
96 01100000
0%
98 01100010
0%
100 01100100
0%
101 01100101
0%
103 01100111
0%
104 01101000
0%
106 01101010
0%
107 01101011
0%
108 01101100
0%
112 01110000
0%
113 01110001
0%
114 01110010
0%
115 01110011
0%
118 01110110
0%
119 01110111
0%
121 01111001
0%
123 01111011
0%
126 01111110
0%
128 10000000
0%
131 10000011
0%
134 10000110
0%
138 10001010
0%
139 10001011
0%
140 10001100
0%
142 10001110
0%
144 10010000
0%
145 10010001
0%
149 10010101
0%
150 10010110
0%
152 10011000
0%
153 10011001
0%
156 10011100
0%
157 10011101
0%
158 10011110
0%
159 10011111
0%
160 10100000
0%
162 10100010
0%
163 10100011
0%
165 10100101
0%
166 10100110
0%
169 10101001
0%
171 10101011
0%
173 10101101
0%
174 10101110
0%
181 10110101
0%
182 10110110
0%
186 10111010
0%
187 10111011
0%
188 10111100
0%
191 10111111
0%
192 11000000
0%
193 11000001
0%
194 11000010
0%
195 11000011
0%
196 11000100
0%
201 11001001
0%
202 11001010
0%
204 11001100
0%
207 11001111
0%
210 11010010
0%
211 11010011
0%
212 11010100
0%
214 11010110
0%
216 11011000
0%
218 11011010
0%
220 11011100
0%
221 11011101
0%
223 11011111
0%
226 11100010
0%
228 11100100
0%
229 11100101
0%
230 11100110
0%
232 11101000
0%
234 11101010
0%
237 11101101
0%
239 11101111
0%
241 11110001
0%
244 11110100
0%
247 11110111
0%
248 11111000
0%
249 11111001
0%
250 11111010
0%
252 11111100
0%
253 11111101
0%
254 11111110
0%
No matching quizzes found
Score Distribution
Percent of People with Each Score
Percentile by Number Answered
Your Score History
You have not taken this quiz